L'art de batir / (Record no. 162239)

MARC details
000 -LEADER
campo de control de longitud fija 01335nam a22002415i 4500
001 - NÚMERO DE CONTROL
campo de control 162239
003 - IDENTIFICADOR DE NÚMERO DE CONTROL
campo de control ES-MaACL
005 - FECHA Y HORA DE LA ÚLTIMA TRANSACCIÓN
campo de control 20230906212447.0
008 - DATOS DE LONGITUD FIJA--INFORMACIÓN GENERAL
campo de control de longitud fija 041104q1898 fr d |||| | fre d
040 ## - FUENTE DE CATALOGACIÓN
Centro catalogador/agencia de origen CAM
Lengua de catalogación spa
Centro/agencia transcriptor CAM
100 1# - ENTRADA PRINCIPAL--NOMBRE DE PERSONA
Nombre de persona Planat, P.
9 (RLIN) 131207
245 12 - MENCIÓN DEL TÍTULO
Título L'art de batir /
Mención de responsabilidad, etc. par P. Planat.
260 ## - PUBLICACIÓN, DISTRIBUCIÓN, ETC.
Lugar de publicación, distribución, etc. Paris :
Nombre del editor, distribuidor, etc. Libraire de la Construction Moderne,
Fecha de publicación, distribución, etc. [s.a.] (
Fabricante Imp. Levé)
300 ## - DESCRIPCIÓN FÍSICA
Extensión 5 v. ;
Dimensiones 27 cm.
490 1# - MENCIÓN DE SERIE
Mención de serie Cours de Constructions Civiles/ publié sous la direction de P. Planat
505 8# - NOTA DE CONTENIDO CON FORMATO
Nota de contenido con formato Contiene: T.I: Matériaux de construction. Fondations.-- T.II: Principes de statique. Murs ordinaires. Murs de soutènement. Murs de réservoirs. T.III: Voutes en maçonnerie. Voutes d'églises. Flèches et tours. Béton armé. Silos.-- T.IV: Charpentes fer et bois. Application aux éléments de construction. Planchers-passerelles. Fermes en bois.-- T.V: Fermes metalliques. Chauffage et ventilation. Éclairage électricité. Hydraulique. Assainissement hygiène
596 ## - NOTA AL PIE DE IMPRENTA
NOTA AL PIE DE IMPRENTA Existe otra edición impresa en Corbeil: Imprimerie Éd. Crete.
596 ## - NOTA AL PIE DE IMPRENTA
NOTA AL PIE DE IMPRENTA En la pág. 826 del T. V consta el año 1898.
650 #4 - PUNTO DE ACCESO ADICIONAL DE MATERIA--TÉRMINO DE MATERIA
Término de materia o nombre geográfico como elemento de entrada Construcción.
9 (RLIN) 11295
830 0# - PUNTO DE ACCESO ADICIONAL DE SERIE-TÍTULO UNIFORME
Título uniforme Cours de Constructions Civiles/ publié sous la direction de P. Planat
9 (RLIN) 222182
852 ## - LOCALIZACIÓN
Ubicación ES-MaACL
Número de control de estantería F-1-5
Nota libre -- Enc. hol.
Holdings
Estatus retirado Estado de pérdida Estado de daño No para préstamo Biblioteca de origen Biblioteca actual Ubicación en estantería Fecha de adquisición Fuente de adquisición Total de préstamos Signatura topográfica completa Código de barras Visto por última vez Precio de reemplazo Tipo de ítem Koha
        Biblioteca del Ateneo de Madrid Biblioteca del Ateneo de Madrid Depósito 2 17/01/2008     F-1-5 1169968 23/02/2023 23/02/2023 Libro impreso